000
00261nam a2200109Ia 4500
008
190216s9999||||xx |||||||||||||| ||und||
100
_a
Vallathol
245
0
_a
Achanum Makalum
260
_b
Shankar Graphic
650
_a
Malayalam-Malayalam Kavitha
942
_c
BK
999
_c
26247
_d
26247